000
00253nam a2200097Ia 4500
001
1300233
005
20260420095900.0
008
260420s9999 xx 000 0 und d
245
0
_a
HAYDİ PİKNİĞE
_c
MUSTAFA ORAKÇI
260
_b
TİMAŞ ÇOCUK YAYINLARI
999
_c
1300233
_d
1300233